First Lines of Taylor Swift Songs #1 - Statistics

General Stats
  • This quiz has been taken 119 times
  • The average score is 10 of 15
Answer Stats
First Line Song % Correct
I can read your mind / "She's having the time of her life" I Can Do It With a Broken Heart
84%
I never trust a narcissist / But they love me I Did Something Bad
82%
There I was again tonight / Forcing laughter, faking smiles Enchanted
78%
Summer went away / Still, the yearning stays You're On Your Own, Kid
77%
You know I adore you / I'm crazier for you than I was at sixteen Miss Americana & The Heartbreak Prince
75%
Please picture me in the trees / I hit my peak at ___ feet seven
72%
He is sensible and so incredible / And all my single friends are jealous The Way I Loved You
72%
Friends break up / Friends get married right where you left me
70%
My castle crumbled overnight / I brought a knife to a gun fight Call It What You Want
69%
State the obvious / I didn't get my perfect fantasy Picture To Burn
64%
Hand on the throttle / Thought I caught lightning in a bottle The Prophecy
62%
I washed my hands of us at the club / You made a mess of me Hits Different
60%
I've known it from the very start / We're a shot in the darkest dark Say Don't Go
45%
My cards are on the table / Yours are in your hand Foolish One
42%
You said it in a simple way / 4am the second day Come Back... Be Here
31%
No matching quizzes found
Score Distribution
Percent of People with Each Score
Percentile by Number Answered
Your Score History
You have not taken this quiz